Anatole (Record no. 139836)

MARC details
000 -LEADER
campo de control de longitud fija 00738nam a2200241 i 4500
001 - NÚMERO DE CONTROL
campo de control 139836
003 - IDENTIFICADOR DE NÚMERO DE CONTROL
campo de control ES-MaACL
005 - FECHA Y HORA DE LA ÚLTIMA TRANSACCIÓN
campo de control 20230906195924.0
007 - CAMPO FIJO DE DESCRIPCIÓN FÍSICA--INFORMACIÓN GENERAL
campo de control de longitud fija t|
008 - DATOS DE LONGITUD FIJA--INFORMACIÓN GENERAL
campo de control de longitud fija 070214s1913 fr r ||||1| fre d
100 1# - ENTRADA PRINCIPAL--NOMBRE DE PERSONA
Nombre de persona Schnitzler, Arthur.
9 (RLIN) 104593
245 10 - MENCIÓN DEL TÍTULO
Título Anatole
Resto del título ; suivi de La compagne /
Mención de responsabilidad, etc. Arthur Schnitzler ; traductions de Maurice Rémon, Maurice Vaucaire.
250 ## - MENCION DE EDICION
Mención de edición 2e ed.
260 ## - PUBLICACIÓN, DISTRIBUCIÓN, ETC.
Lugar de publicación, distribución, etc. Paris :
Nombre del editor, distribuidor, etc. Stock,
Fecha de publicación, distribución, etc. 1913.
300 ## - DESCRIPCIÓN FÍSICA
Extensión 275 p. ;
Dimensiones 19 cm.
490 1# - MENCIÓN DE SERIE
Mención de serie Bibliothéque cosmopolite ;
Designación de volumen o secuencia 70
700 0# - ENTRADA AGREGADA--NOMBRE PERSONAL
Nombre de persona Rémon, Maurice.
9 (RLIN) 96143
700 1# - ENTRADA AGREGADA--NOMBRE PERSONAL
Nombre de persona Vaucaire, Maurice.
9 (RLIN) 113305
740 32 - ENTRADA AGREGADA--TÍTULO RELACIONADO/ANALÍTICO NO CONTROLADO
Título relacionado o analítico no controlado La compagne.
830 0# - PUNTO DE ACCESO ADICIONAL DE SERIE-TÍTULO UNIFORME
Título uniforme Bibliothéque cosmopolite ;
Designación de volumen o secuencia 70
9 (RLIN) 181494
852 ## - LOCALIZACIÓN
Ubicación ES-MaACL
Número de control de estantería A-2232
Holdings
Estatus retirado Estado de pérdida Estado de daño No para préstamo Biblioteca de origen Biblioteca actual Ubicación en estantería Fecha de adquisición Fuente de adquisición Total de préstamos Signatura topográfica completa Código de barras Visto por última vez Precio de reemplazo Tipo de ítem Koha
        Biblioteca del Ateneo de Madrid Biblioteca del Ateneo de Madrid Sala Pecera Planta 1 17/01/2008     A-2232 1145517 23/02/2023 23/02/2023 Libro impreso